[Event "FRA-ch U18"]
[Site "Montlucon"]
[Date "2011.04.19"]
[Round "4"]
[White "Muheim, Sebastien"]
[Black "Ianniciello, David"]
[Result "1/2-1/2"]
[WhiteElo "2101"]
[BlackElo "1879"]
[PlyCount "40"]
[EventDate "2011.04.17"]
[EventType "swiss"]
[EventRounds "9"]
[EventCountry "FRA"]
[SourceTitle "CBM 142 Extra"]
[Source "ChessBase"]
[SourceDate "2011.06.27"]
[SourceVersion "1"]
[SourceVersionDate "2011.06.27"]
[SourceQuality "1"]

1. d4 Nf6 2. c4 g6 3. f3 c5 4. d5 d6 5. e4 Bg7 6. Nc3 0-0 7. Bg5 h6 8. Be3 Nbd7 9. Qd2 Kh7 10. g4 Ne8 11. 0-0-0 a6 12. f4 b5 13. cxb5 axb5 14. Bxb5 Qa5 15. Nge2 Rb8 16. a4 Nef6 17. h3 Nxe4 18. Nxe4 Rxb5 19. Qxa5 Rxa5 20. b3 c4 1/2-1/2